К учению о возвратном тифе. Ст. 2 (Запись № 5471822)
[ простой вид ]
| 000 -МАРКЕР | |
|---|---|
| контрольное поле | 01401nam2a22002771 4500 |
| 001 - ИДЕНТИФИКАТОР ЗАПИСИ | |
| контрольное поле | v19\rc\1612833 |
| 005 - ИДЕНТИФИКАТОР ВЕРСИИ | |
| контрольное поле | 20250620065446.0 |
| 035 ## - ДРУГИЕ СИСТЕМНЫЕ НОМЕРА | |
| Идентификатор записи | (NLR Aleph) 005217502 |
| 100 ## - ДАННЫЕ ОБЩЕЙ ОБРАБОТКИ | |
| Данные общей обработки | 20061002e18971897|||y0rusy50 ca |
| 101 0# - ЯЗЫК РЕСУРСА | |
| Язык текста, звукозаписи и т.д. | русский |
| 102 ## - СТРАНА ПУБЛИКАЦИИ ИЛИ ПРОИЗВОДСТВА | |
| Страна публикации | Российская Федерация |
| 105 ## - ПОЛЕ КОДИРОВАННЫХ ДАННЫХ: ТЕКСТОВЫЕ МАТЕРИАЛЫ, МОНОГРАФИЧЕСКИЕ | |
| Кодированные данные о монографическом текстовом документе | y z ||||| |
| 200 0# - ЗАГЛАВИЕ И СВЕДЕНИЯ ОБ ОТВЕТСТВЕННОСТИ | |
| Основное заглавие | Ст. 2 |
| 210 ## - ПУБЛИКАЦИЯ, РАСПРОСТРАНЕНИЕ И ДР. | |
| Место издания, распространения и т.д. | Москва |
| Имя издателя, распространителя и т. д. | т-во тип. А.И. Мамонтова |
| Дата издания, распространения и т.д. | 1897 |
| 215 ## - ФИЗИЧЕСКАЯ ХАРАКТЕРИСТИКА | |
| Специфическое обозначение материала и объем | 18 с. |
| 311 ## - ПРИМЕЧАНИЯ, ОТНОСЯЩИЕСЯ К ПОЛЯМ СВЯЗИ (ПРИМЕЧАНИЯ О СВЯЗИ С ДРУГИМИ ПРОИЗВЕДЕНИЯМИ (ИЗДАНИЯМИ)) | |
| Текст примечания | Из журн. "Мед. обозрение". 1897, июль |
| 461 #0 - УРОВЕНЬ НАБОРА | |
| Встроенное поле | 001v19\rc\1612831 |
| -- | 2001#$aК учению о возвратном тифе$e(из Патол.-анат. ин-та в Москве)$e(предварит. сообщ.)$eст. [1]-2$f[соч.] О.Г. Тиктина$vСт. 2 |
| Системный номер (АБИС) связанной записи | 5471805 |
| Автор | Тиктин, О.Г. (1862-) |
| Место публикации | Москва |
| Дата публикации | 1897 |
| Первые сведения об ответственности | [соч.] О.Г. Тиктина |
| Имя издателя, распространителя и т.д. | т-во тип. А.И. Мамонтова |
| Сведения, относящиеся к заглавию | (из Патол.-анат. ин-та в Москве) : (предварит. сообщ.) : ст. [1]-2 |
| Физическая характеристика | 2 отт. |
| Заглавие | К учению о возвратном тифе |
| Номер тома | Ст. 2 |
| 488 #0 - ДРУГИЕ ВЗАИМОСВЯЗАННЫЕ ПРОИЗВЕДЕНИЯ (ДОКУМЕНТЫ) | |
| Встроенное поле | 2001#$aМедицинское обозрение$v1897, июль |
| Заглавие | Медицинское обозрение |
| 801 #0 - ИСТОЧНИК ЗАПИСИ | |
| Страна | Российская Федерация |
| Организация | NLR |
| Дата составления | 20061002 |
| Правила каталогизации | psbo |
| 801 #0 - ИСТОЧНИК ЗАПИСИ | |
| Страна | Российская Федерация |
| Организация | RuMoRGB |
| Дата составления | 20061002 |
| Источник данных | psbo |
| 801 #1 - ИСТОЧНИК ЗАПИСИ | |
| Страна | Российская Федерация |
| Организация | ProSoft-M |
| Дата составления | 20061002 |
| Источник данных | rusmarc |
| 801 #2 - ИСТОЧНИК ЗАПИСИ | |
| Страна | Российская Федерация |
| Организация | NLR |
| Дата составления | 20070404 |
| Источник данных | rusmarc |
| 852 ## - МЕСТОНАХОЖДЕНИЕ И ШИФР ХРАНЕНИЯ | |
| Идентификатор организации | NLR |
| Шифр хранения (Call Number) | 18.234.1.594 |
| 942 ## - ДОПОЛНИТЕЛЬНЫЕ ЭЛЕМЕНТЫ ЗАПИСИ (АБИС) | |
| Тип экземпляра АБИС | Книга |
| 980 ## - КОЛЛЕКЦИЯ | |
| Название коллекции | Национальная библиография |
| Тип экземпляра | Дата поступления | Библиотека постоянного хранения | Библиотека текущего хранения | Место хранения | Шифр хранения | Штрих-код | Статус экземпляра |
|---|---|---|---|---|---|---|---|
| Книга | 26.10.2013 | РНБ (Садовая) | РНБ (Садовая) | Русский книжный фонд -Главное здание, Ленинский читальный зал | 18.234.1.594 | 5217502-10 |